| 000 | 00902nam a2200241 i 4500 | ||
|---|---|---|---|
| 001 | 73973 | ||
| 003 | ES-MaACL | ||
| 005 | 20251009063052.0 | ||
| 007 | t| | ||
| 008 | 040914s1915 ag ||||1| spa d | ||
| 100 | 1 |
_aGonzález, Joaquín V., _d1863-1923 _958329 |
|
| 245 | 1 | 3 |
_aLa biblioteca y la cultura pública / _cJoaquín V. González. |
| 260 |
_aRosario (Argentina) : _bBiblioteca Argentina, _c1915. |
||
| 300 |
_aIV, 52 p. ; _c15 cm. |
||
| 490 | 1 |
_a"Biblioteca de la Biblioteca" ; _v1 |
|
| 530 | _aDisponible en formato digital. | ||
| 650 | 4 |
_aBibliotecas públicas- _zArgentina. _9161559 |
|
| 830 | 0 |
_a"Biblioteca de la Biblioteca" ; _v1 _9185596 |
|
| 852 |
_aES-MaACL _j1608-F-14 _976747 _cDEPOF _zRevisado enlace: 01 de Abril de 2023 |
||
| 856 |
_uhttp://bdh-rd.bne.es/viewer.vm?id=0000090623&page=1 _yBiblioteca Digital Hispánica |
||
| 942 | _2udc | ||
| 999 |
_c73973 _d73973 |
||